1605 1267 1432 1906 1875 1013 1690 1726 1170 1453 1005 1126 1152 1566 1696 1979 1411 1945 1238 1608 1686 1285 1370 1023 1856 1643 1154 1657 1388 1858 1189 1385 1083 1444 1179 1434 1674 1241 1730 1584 1743 1446 1997 1204 1325 1468 1899 1114 1182 1304 1610 1226 1457 1328 1734 1773 1138 1374 1321 1519 1641 1161 1839 1522 1835 1382 1563 1729 1076 1207 1969 1287 1198 1242 1239 1166 1747 1419 1604 1607 1766 1883 1597 1350 1668 1484 1537 1744 1431 1255 1746 1550 1750 1077 1910 1792 1673 1005 1285 BCNSPRNW ULIB Ver.6.0+V

เปลี่ยนเป็นภาษาไทย

Change to English
 แสดงรายละเอียดบรรณานุกรม
  กลับหน้าหลัก

Brief Record : Get Marc (ISO 2709) : E-mail record : QR code < ปิดหน้าต่าง
LEADER : 00000nam 2200000uu 4500
001    13399107827
003     ULIB
008    110204s2548||||th 000 0 tha d
020    9749377656
020    9789749377659
060 04 WY157^bว337ก 2548
245 00 การพยาบาลสูติศาสตร์ =^bอาหารสมุนไพรสำหรับสตรีมีครรภ์และมารดาหลังคลอด : Obstetrics nursing herb diet for pregnancy and post partumwomen /^cบรรณาธิการ, วรุณวรรณ ผาโคตร, สิรนาถ นุชนาถ
246 31 Obstetrics nursing herb diet for pregnancy and post partumwomen
250    พิมพ์ครั้งที่ 1
260    กรุงเทพฯ :^bเค.เอส.พี การพิมพ์,^c2548
300    ก-ญ, 256 หน้า ;^c26 ซม.
650  7 การพยาบาลสูติศาสตร์
650  7 มารดา^xโภชนาการ
650  7 ระยะหลังคลอด^xโภชนาการ
650  7 สมุนไพร
650  7 สูติศาสตร์
650  7 อนามัยแม่และเด็ก
700 0  วรุณวรรณ ผาโคตร,^eบรรณาธิการ
700 0  สิรนาถ นุชนาถ,^eบรรณาธิการ
995    ทศพร
999 ^a ใช้งานได้ทุกระบบ
รายการนี้ยังไม่มีแท็ก
คุณยังไม่ได้ล็อกอิน คุณสามารถมีกิจกรรมร่วมกับเว็บไซต์ได้ แต่ต้องล็อกอินก่อน ::
  ล็อกอิน

รายการสื่อสารสนเทศ

ลำดับที่ ประเภท เลขเรียก/บาร์โค้ด สถานที่ สถานะ
- ไม่พบข้อมูล -

รายการใกล้เคียง
    หัวเรื่อง [การพยาบาลสูติศาสตร์]
    หัวเรื่อง [สมุนไพร]
    หัวเรื่อง [สูติศาสตร์]
    หัวเรื่อง [อนามัยแม่และเด็ก]

BibComment


ยังไม่เคยถูกคอมเมนท์

คอมเมนท์ทรัพยากรรายการนี้
  คอมเมนท์: การพยาบาลสูติศาสต..


 Copyright 2026. Bcnsprnw @Library